Principios de horticultura /
Guardado en:
| Autor Principal: | |
|---|---|
| Otros Autores: | |
| Formato: | Libro |
| Publicado: |
México :
Compañía Editorial Continental,
1967
|
| Edición: | 3a. ed. |
| Materias: | |
| Etiquetas: |
Agregar Etiqueta
Sin Etiquetas, Sea el primero en etiquetar este registro!
|
| LEADER | 01656nam a22002415a 4500 | ||
|---|---|---|---|
| 001 | CEM.cems015824 | ||
| 005 | 20111007090553.0 | ||
| 008 | 130507s1967##################000#0#####d | ||
| 003 | CEMS | ||
| 082 | 0 | 4 | |a 635 |
| 100 | 1 | |a Edmond, J .b. | |
| 245 | 1 | 0 | |a Principios de horticultura / |c J. B. Edmond y T. L. Senn |
| 250 | |a 3a. ed. | ||
| 260 | |a México : |b Compañía Editorial Continental, |c 1967 | ||
| 300 | |a 579 p. | ||
| 505 | 0 | |a Crecimiento y desarrollo de las plantas -- Los procesos fundamentales de las plantas -- Tejidos y estructuras de las plantas -- Las fases del crecimiento y los carbohidratos -- El agua como factor limitante -- La temperatura como factor limitante -- La luz como factor limitante -- Los elementos esenciales como factores limitantes -- Principales prácticas hortícolas -- Climas, lugares y suelos -- La materia orgánica del suelo -- Uso de fertilizantes comerciales -- Estructuras para el cultivo de plantas -- Trasplante, control de malas hierbas, irrigación -- La poda -- Control de plagas -- Conservación -- Principales cultivos hortícolas -- Los arboles frutales -- Frutales de nuez, frutales tropicales y subtropicales -- Uvas y frutas pequeñas -- Hortalizas cultivadas por sus tallos u hojas -- Hortalizas cultivadas por sus estructuras de almacenamiento, suculentas -- Hortalizas cultivas por sus frutos o semillas -- Floricultura comercial -- Producción de plantas de vivero -- La horticultura y el hogar | |
| 653 | |a Hortalizas | ||
| 653 | |a Horticultura | ||
| 653 | |a Poda | ||
| 653 | |a Frutales | ||
| 653 | |a Floricultura | ||
| 700 | 1 | |a Senn, T.l. | |
| 859 | |a CEMS |b BIB. CEMS - Agricultura |h 635 |i Ed6a3 |p A4995.76 |t Ej.1 | ||
